One-stop shop to tackle red tape (Record no. 76524)
[ view plain ]
| 000 -LEADER | |
|---|---|
| fixed length control field | 01292cab a2200181 4500 |
| 001 - CONTROL NUMBER | |
| control field | ##L132607 |
| 008 - FIXED-LENGTH DATA ELEMENTS--GENERAL INFORMATION | |
| fixed length control field | 060222n2006 000 0 eng u |
| 035 ## - SYSTEM CONTROL NUMBER | |
| System control number | (Sirsi) u132607 |
| 041 0# - LANGUAGE CODE | |
| Language code of text/sound track or separate title | eng |
| 100 1# - MAIN ENTRY--PERSONAL NAME | |
| Personal name | Tinworth, Adam |
| 245 00 - TITLE STATEMENT | |
| Title | One-stop shop to tackle red tape |
| 260 ## - PUBLICATION, DISTRIBUTION, ETC. | |
| Date of publication, distribution, etc. | 2006 |
| 490 #0 - SERIES STATEMENT | |
| Series statement | Estates Gazette |
| Volume/sequential designation | (0606) 11 February 2006, 66-68(3) |
| 520 ## - SUMMARY, ETC. | |
| Summary, etc. | Reports on RICS plans for fundamental changes in its regulatory functions and offering cheaper and easier compliance. RICS has released a consultation paper (L132606) setting out its proposed regulatory strategy with a 13 March 2006 deadline for feedback. The consultation paper has its origin in the April 2005 Carsberg report on the regulatory role of the RICS (L129322). RICS proposes splitting its regulation and representation arms into separate divisions and changing its regulatory philosophy. Deals also with RICS' move to secure its status as an approved body for the regulation of insurance business thus rescuing its members from the expense and burden of Financial Services Agency insurance business regulation. RICS wants to become the regulatory provider of choice in the property sector |
| 590 ## - LOCAL NOTE (RLIN) | |
| Local note | IKA280206 |
| 690 ## - LOCAL SUBJECT ADDED ENTRY--TOPICAL TERM (OCLC, RLIN) | |
| Topical term or geographic name as entry element | ABOUT RICS-RICS PROFESSIONAL REGULATION AND CONSUMER PROTECTION |
| 942 ## - ADDED ENTRY ELEMENTS (KOHA) | |
| Suppress in OPAC | 0 |
| Withdrawn status | Lost status | Source of classification or shelving scheme | Damaged status | Not for loan | Home library | Current library | Shelving location | Date acquired | Total Checkouts | Full call number | Barcode | Date last seen | Copy number | Price effective from | Koha item type |
|---|---|---|---|---|---|---|---|---|---|---|---|---|---|---|---|
| Dewey Decimal Classification | London | London | Journal article | 22/02/2006 | L132607 | 132607-1001 | 06/08/2019 | 1 | 06/08/2019 | Journal article |